Стэнли Кубрик (Запись № 11704095)

Подробности
000 -МАРКЕР
контрольное поле 01574nam0a2200349 4500
001 - ИДЕНТИФИКАТОР ЗАПИСИ
контрольное поле RU\NLR\BIBL_A\012060940
005 - ИДЕНТИФИКАТОР ВЕРСИИ
контрольное поле 20190806171407.0
010 ## - МЕЖДУНАРОДНЫЙ СТАНДАРТНЫЙ НОМЕР КНИГИ (ISBN)
Номер (ISBN) 978-5-04-094230-5
Тираж 2000
021 ## - НОМЕР ГОСУДАРСТВЕННОЙ РЕГИСТРАЦИИ
Код страны Российская Федерация
Номер КН-П-19-046212
Номер Листа государственной регистраци КН-П-19-3378
035 ## - ДРУГИЕ СИСТЕМНЫЕ НОМЕРА
Идентификатор записи (NLR Aleph) 012060940
035 ## - ДРУГИЕ СИСТЕМНЫЕ НОМЕРА
Идентификатор записи (RuMoRGB)010025744
100 ## - ДАННЫЕ ОБЩЕЙ ОБРАБОТКИ
Данные общей обработки 20190719d2019 u y0rusy50 ca
101 1# - ЯЗЫК РЕСУРСА
Язык текста, звукозаписи и т.д. русский
Язык оригинала итальянский
102 ## - СТРАНА ПУБЛИКАЦИИ ИЛИ ПРОИЗВОДСТВА
Страна публикации Российская Федерация
105 ## - ПОЛЕ КОДИРОВАННЫХ ДАННЫХ: ТЕКСТОВЫЕ МАТЕРИАЛЫ, МОНОГРАФИЧЕСКИЕ
Кодированные данные о монографическом текстовом документе y|||z|||000zb
200 1# - ЗАГЛАВИЕ И СВЕДЕНИЯ ОБ ОТВЕТСТВЕННОСТИ
Основное заглавие Стэнли Кубрик
Сведения, относящиеся к заглавию с широко открытыми глазами
-- [биография режиссера глазами его ассистента]
Первые сведения об ответственности Эмилио Д'Алессандро
Последующие сведения об ответственности [пер. с итал. И. Шальнова, Д. Сажиной]
210 ## - ПУБЛИКАЦИЯ, РАСПРОСТРАНЕНИЕ И ДР.
Место издания, распространения и т.д. Москва
Имя издателя, распространителя и т. д. Бомбора™
-- Эксмо
Дата издания, распространения и т.д. 2019
215 ## - ФИЗИЧЕСКАЯ ХАРАКТЕРИСТИКА
Специфическое обозначение материала и объем 397, [1] с.
Размеры 22
225 1# - СЕРИЯ
Основное заглавие серии Иконы кино
Сведения, относящиеся к заглавию биографии великих деятелей кинематографа
300 ## - ОБЩИЕ ПРИМЕЧАНИЯ
Текст примечания В вып. дан. загл.: Стэнли Кубрик и я
333 ## - ПРИМЕЧАНИЯ ОБ ОСОБЕННОСТЯХ РАСПРОСТРАНЕНИЯ И ИСПОЛЬЗОВАНИЯ
Текст примечания 18+
517 1# - ДРУГИЕ ВАРИАНТЫ ЗАГЛАВИЯ
Вариант заглавия Стэнли Кубрик и я
600 #1 - ИМЯ ЛИЦА КАК ПРЕДМЕТ
Начальный элемент ввода Кубрик
Часть имени, кроме начального элемента ввода С.
Даты 1928 - 1999
Расширение инициалов личного имени Стэнли
Тематический подзаголовок Биография
Системный номер авторитетной/нормативной записи 2419388
Идентификатор авторитетной/нормативной записи RU\NLR\AUTH\6601659632
686 1# - ИНДЕКСЫ ДРУГИХ КЛАССИФИКАЦИЙ
Индекс Щ374.3(7США)6-85Кубрик
700 #1 - ИМЯ ЛИЦА - ПЕРВИЧНАЯ ОТВЕТСТВЕННОСТЬ
Графика поля Кириллица
Материалы, к которым относится поле rus
Начальный элемент ввода Д'Алессандро
Часть имени, кроме начального элемента ввода Э.
Даты 1941-
Расширение инициалов личного имени Эмилио
Системный номер авторитетной/нормативной записи 208816
Идентификатор авторитетной/нормативной записи RU\NLR\AUTH\770208870
702 #1 - ИМЯ ЛИЦА - ВТОРИЧНАЯ ОТВЕТСТВЕННОСТЬ
Начальный элемент ввода Кубрик
Часть имени, кроме начального элемента ввода С.
Даты 1928-1999
Расширение инициалов личного имени Стэнли
Код отношения Прочие
942 ## - ДОПОЛНИТЕЛЬНЫЕ ЭЛЕМЕНТЫ ЗАПИСИ (АБИС)
Тип экземпляра АБИС Книга
980 ## - КОЛЛЕКЦИЯ
Название коллекции НБР
980 ## - КОЛЛЕКЦИЯ
Название коллекции Национальная библиография

Нет доступных экземпляров.